Chansons d'artistes différents avec le même nom - Statistiques

Statistiques générales
  • Ce quiz a été pris 15 fois
  • Le résultat moyen est 3 sur 23
Statistiques - réponses
Artistes Chansons Artistes % Correct
Taylor Swift Daylight & Carolina Harry Styles
36%
Adèle Hello Lionel Richie
36%
John Lennon Imagine Ariana Grande
36%
Katy Perry Teenage Dream Olivia Rodrigo
29%
Harry Styles Woman Doja Cat
21%
Ariana Grande Greedy Tate McRae
14%
Sabrina Carpenter Paris Taylor Swift
14%
ABBA SOS Rihanna
14%
Katy Perry Champagne Problems Taylor Swift
7%
Olivia Rodrigo Déjà Vu Katy Perry
7%
Rihanna Diamonds Elton John
7%
Olivia Rodrigo Obsessed Mariah Carey
7%
Prince Sign of the Times Harry Styles
7%
Selena Gomez The Heart Wants What It Wants Celine Dion
7%
Taylor Swift Willow Reneé Rapp
7%
Harry Styles Adore You Miley Cirus
0%
Imagine Dragons Bad Liar Selena Gomez
0%
Selena Gomez Birthday Katy Perry
0%
Gracie Abrams Close To You Rihanna
0%
Eminem Crazy in Love Beyoncé
0%
Dua Lipa Daydreamin Ariana Grande
0%
Beyoncé Mine Taylor Swift
0%
Rihanna Skin Sabrina Carpenter
0%
Aucun quiz correspondant
Distribution des résultats
% des personnes avec chaque résultat
Percentile par nombre de réponses
Votre historique - résultats
Vous n’avez pas pris ce quiz